Derecho Penal
| Main Author: | |
|---|---|
| Format: | eBook |
| Language: | Spanish |
| Published: |
[Chile] :
Editorial jurd̕ica de Chile,
2008.
|
| Subjects: | |
| Online Access: | Acceso restringido Acceso restringido Acceso restringido |
MARC
| LEADER | 00000nam a22000007a 4500 | ||
|---|---|---|---|
| 005 | 20110830121831.0 | ||
| 008 | 110830t2005 cl ||||s|||| 001 0 spa d | ||
| 020 | |a 956-10-1613-3 (Tomo. II) | ||
| 020 | |a 978-956-10-2044-3 (Tomo. III) | ||
| 020 | |a 978-956-10-1880-8 (Tomo. IV) | ||
| 035 | |a 5491 | ||
| 035 | |a 5493 | ||
| 035 | |a 5494 | ||
| 040 | |a vLex | ||
| 090 | |c 2300 |d 2300 | ||
| 100 | 1 | |a Garrido Montt, Mario | |
| 245 | 1 | 0 | |a Derecho Penal |c Mario Garrido Montt |h [Recurso electrn̤ico] / |
| 256 | |a Servicio en ln̕ea. | ||
| 260 | |a [Chile] : |b Editorial jurd̕ica de Chile, |c 2008. | ||
| 505 | |a Contiene: Parte general, Tomo. II; Parte especial, Tomo. III, Tomo. IV. | ||
| 506 | 1 | |a Contenido solo disponible en los productos indicados |d vLex Global |d vLex Global (Academic Edition, excluding Law Schools) |d vLex Global (U.S. Academic Edition, Law Schools) |d vLex Global (U.S. Academic Edition, excluding Law Schools) |d vLex Global (Academic Edition, Law Schools) | |
| 506 | 1 | |a Contenido solo disponible en los productos indicados |d vLex Global |d vLex Global (Academic Edition, excluding Law Schools) |d vLex Global (U.S. Academic Edition, Law Schools) |d vLex Global (U.S. Academic Edition, excluding Law Schools) |d vLex Global (Academic Edition, Law Schools) | |
| 506 | 1 | |a Contenido solo disponible en los productos indicados |d vLex Global |d vLex Global (Academic Edition, excluding Law Schools) |d vLex Global (U.S. Academic Edition, Law Schools) |d vLex Global (U.S. Academic Edition, excluding Law Schools) |d vLex Global (Academic Edition, Law Schools) | |
| 650 | 0 | 4 | |a Derecho Penal |z Chile |
| 740 | 0 | |a vLex Libros (Servicio en ln̕ea) | |
| 856 | 4 | 0 | |u http://vlex.com/source/5491 |z Acceso restringido |
| 856 | 4 | 0 | |u http://vlex.com/source/derecho-penal-chile-tomo-iii-5493 |z Acceso restringido |
| 856 | 4 | 0 | |u http://vlex.com/source/derecho-penal-chile-tomo-iv-5494 |z Acceso restringido |
| 942 | |c BOOK | ||


